000 00631nam a22002297a 4500
003 UA-OsUOA
001 129414
007 ta
008 20180301b un ||||| |||| 00| 0 ukr d
090 _a746.3
_bК61
942 _cBK
040 _aUA-OsUOA
_bukr
_cUA-OsUOA
_dUA-OsUOA
245 _aКсенія Колотило
_bальбом
_cавт.-упор. Д. І. Богданова
300 _a160 с.
955 _a2
041 _aukr
080 _a746.3
020 _a5-7715-0632-Х
260 _aК.
_bМистецтво
_c1992
650 7 _a746 Рукоділля. Художнє вишивання
_2UDC
999 _c355863
_d355863